[Event "8th Memorial Ekrem Galijatovic 2022"]
[Site "Sarajevo"]
[Date "2022.03.17"]
[Round "9.3"]
[White "Hadzovic, Amir"]
[Black "Trkulja, Goran"]
[Result "1/2-1/2"]
[WhiteElo "2290"]
[BlackElo "2255"]
[Annotator "ChessBase"]
[PlyCount "37"]
[EventDate "2022.03.13"]
[EventType "tourn"]
[EventCountry "BIH"]
[SourceTitle "playchess.com"]
[Source "ChessBase"]
[SourceQuality "1"]
[TimeControl "5400+30"]

1. e4 {[%emt 0:01:13]} e5 {[%emt 0:01:50]} 2. Nf3 {[%emt 0:01:57]} Nc6 {[%emt 0:00:21]} 3. Nc3 {[%emt 0:00:32]} Nf6 {[%emt 0:05:09]} 4. Bb5 {[%emt 0:03:48]} Bc5 {[%emt 0:04:18]} 5. d3 {[%emt 0:01:58]} d6 {[%emt 0:01:23]} 6. Be3 {[%emt 0:00:48]} Bb6 {[%emt 0:01:03]} 7. h3 {[%emt 0:02:15]} Bd7 {[%emt 0:01:01]} 8. O-O {[%emt 0:05:13]} Ne7 {[%emt 0:08:40]} 9. Bxd7+ {[%emt 0:01:07]} Qxd7 {[%emt 0:00:13]} 10. Re1 {[%emt 0:02:26]} Bxe3 {[%emt 0:01:56]} 11. Rxe3 {[%emt 0:00:31]} Ng6 {[%emt 0:00:40]} 12. d4 {[%emt 0:00:40]} exd4 {[%emt 0:00:40]} 13. Nxd4 {[%emt 0:01:20]} O-O {[%emt 0:00:34]} 14. Qd2 {[%emt 0:00:39]} Rfe8 {[%emt 0:01:28]} 15. Rae1 {[%emt 0:04:03]} Re5 {[%emt 0:04:03]} 16. Nf3 {[%emt 0:02:15]} Ree8 {[%emt 0:00:36]} 17. Nd4 {[%emt 0:01:02]} Re5 {[%emt 0:00:25]} 18. Nf3 {[%emt 0:01:30]} Ree8 {[%emt 0:00:16]} 19. Nd4 {[%emt 0:00:43]} 1/2-1/2

[Event "8th Memorial Ekrem Galijatovic 2022"]
[Site "Sarajevo"]
[Date "2022.03.17"]
[Round "9.4"]
[White "Alhdad, Ahmed O."]
[Black "Kurtcehajic, Suad"]
[Result "0-1"]
[WhiteElo "1811"]
[BlackElo "1968"]
[Annotator "ChessBase"]
[PlyCount "38"]
[EventDate "2022.03.13"]
[EventType "tourn"]
[EventCountry "BIH"]
[SourceTitle "playchess.com"]
[Source "ChessBase"]
[SourceQuality "1"]
[TimeControl "5400+30"]

1. d4 {[%emt 0:09:26]} d5 {[%emt 0:02:47]} 2. Nf3 {[%emt 0:00:35]} Nf6 {[%emt 0:00:05]} 3. c4 {[%emt 0:00:09]} e6 {[%emt 0:00:05]} 4. Nc3 {[%emt 0:00:17]} c5 {[%emt 0:01:52]} 5. e3 {[%emt 0:01:14]} Nc6 {[%emt 0:03:02]} 6. g3 {[%emt 0:01:10]} cxd4 {[%emt 0:04:40]} 7. exd4 {[%emt 0:00:12]} dxc4 {[%emt 0:00:55]} 8. Bg2 {[%emt 0:00:45]} Be7 {[%emt 0:05:11]} 9. Qa4 {[%emt 0:03:20]} Bd7 {[%emt 0:06:38]} 10. Qxc4 {[%emt 0:00:08]} Nb4 {[%emt 0:13:58]} 11. O-O {[%emt 0:01:37]} Rc8 {[%emt 0:01:14]} 12. Qe2 {[%emt 0:02:47]} Bc6 {[%emt 0:02:46]} 13. Bf4 {[%emt 0:04:49]} O-O {[%emt 0:03:20]} 14. h3 {[%emt 0:01:41]} Nbd5 {[%emt 0:01:19]} 15. Be5 {[%emt 0:06:56]} Nxc3 {[%emt 0:02:01]} 16. bxc3 {[%emt 0:00:09]} Qa5 {[%emt 0:00:03]} 17. c4 {[%emt 0:01:14]} Rfd8 {[%emt 0:05:41]} 18. g4 {[%emt 0:02:55]} Qa6 {[%emt 0:03:26]} 19. Rfc1 {[%emt 0:05:52]} Bd5 {[%emt 0:01:39]} 0-1

[Event "8th Memorial Ekrem Galijatovic 2022"]
[Site "Sarajevo"]
[Date "2022.03.17"]
[Round "9.5"]
[White "Dizdarevic, Emir"]
[Black "Mrndjic, Muamer"]
[Result "1/2-1/2"]
[WhiteElo "2379"]
[BlackElo "2274"]
[Annotator "ChessBase"]
[PlyCount "51"]
[EventDate "2022.03.13"]
[EventType "tourn"]
[EventCountry "BIH"]
[SourceTitle "playchess.com"]
[Source "ChessBase"]
[SourceQuality "1"]
[TimeControl "5400+30"]

1. c4 {[%emt 0:00:47]} c5 {[%emt 0:01:09]} 2. g3 {[%emt 0:00:40]} g6 {[%emt 0:00:38]} 3. Bg2 {[%emt 0:00:48]} Bg7 {[%emt 0:00:11]} 4. Nc3 {[%emt 0:00:23]} Nc6 {[%emt 0:04:40]} 5. Nf3 {[%emt 0:08:35]} e6 {[%emt 0:06:40]} 6. O-O {[%emt 0:00:51]} Nge7 {[%emt 0:00:11]} 7. d3 {[%emt 0:00:57]} O-O {[%emt 0:00:31]} 8. Bg5 {[%emt 0:02:18]} h6 {[%emt 0:02:26]} 9. Bd2 {[%emt 0:01:22]} d6 {[%emt 0:09:58]} 10. Rb1 {[%emt 0:00:40]} Rb8 {[%emt 0:00:20]} 11. a3 {[%emt 0:00:33]} a6 {[%emt 0:04:05]} 12. b4 {[%emt 0:00:53]} cxb4 {[%emt 0:00:16]} 13. axb4 {[%emt 0:00:12]} b5 {[%emt 0:00:06]} 14. cxb5 {[%emt 0:00:57]} axb5 {[%emt 0:00:09]} 15. e4 {[%emt 0:05:13]} e5 {[%emt 0:04:58]} 16. Ne1 {[%emt 0:01:18]} Nd4 {[%emt 0:00:37]} 17. Nc2 {[%emt 0:00:19]} Nxc2 {[%emt 0:00:31]} 18. Qxc2 {[%emt 0:00:11]} Be6 {[%emt 0:00:15]} 19. Be3 {[%emt 0:03:15]} Qd7 {[%emt 0:02:24]} 20. Qd2 {[%emt 0:00:20]} Kh7 {[%emt 0:00:15]} 21. Ra1 {[%emt 0:00:44]} Nc6 {[%emt 0:01:29]} 22. Nd5 {[%emt 0:00:41]} Bxd5 {[%emt 0:00:12]} 23. exd5 {[%emt 0:00:07]} Nd4 {[%emt 0:00:05]} 24. Bxd4 {[%emt 0:00:17]} exd4 {[%emt 0:00:08]} 25. Ra6 {[%emt 0:00:32]} Ra8 {[%emt 0:01:24]} 26. Rxa8 {[%emt 0:02:29]} 1/2-1/2